| 000 | 00707nam a2200253Ia 4500 | ||
|---|---|---|---|
| 008 | 160303s9999 xx 000 0 und d | ||
| 020 | _a971-821-015-6 | ||
| 050 | _aFIL P 95.3 | ||
| 050 | _b.E34 2000 c.1 | ||
| 245 | _aEffective speech communication / | ||
| 245 | _cWilhelnina N. Cayanan… [et al] | ||
| 260 | _aValenzuela City: | ||
| 260 | _bMega-Jesta Prints, Inc. | ||
| 260 | _c2000 | ||
| 300 | _a138 pages : | ||
| 300 | _billustrations ; | ||
| 300 | _c25 cm. | ||
| 500 | _aIncludes bibliographical references. | ||
| 650 | _aOral communication -- | ||
| 650 | _aOral communication -- | ||
| 650 | _aPublic speaking. | ||
| 650 | _xStudy and teaching (Higher). | ||
| 650 | _xTextbooks. | ||
| 999 |
_c291251 _d291251 |
||